[Event "7th Iberoamerican-ch 2019"]
[Site "Linares"]
[Date "2019.08.15"]
[Round "6.27"]
[White "Romero Berruezo, Francisco"]
[Black "Blanco Acevedo, Cristobal Jose"]
[Result "1/2-1/2"]
[WhiteElo "2161"]
[BlackElo "2342"]
[Annotator "TA"]
[PlyCount "138"]
[EventDate "2019.08.10"]
[EventType "swiss"]
[EventCountry "ESP"]
[SourceTitle "playchess.com"]
[Source "ChessBase"]
[SourceQuality "1"]

{[%evp 18,138,49,37,55,59,60,41,49,-2,-10,-5,-16,9,52,39,32,35,35,-18,-3,-12,-4,-41,-33,-84,-83,-84,-75,-74,-65,-69,-82,-87,-65,-83,-89,-97,0,-8,-20,-31,0,0,0,-98,0,0,0,0,0,0,0,0,0,0,0,0,150,151,151,156,155,-8,-9,-9,-12,-6,-12,-14,0,0,0,0,142,0,0,0,0,0,0,0,0,0,0,0,12,12,12,12,12,0,0,0,0,0,0,0,0,0,0,0,0,0,0,0,0,0,0,0,0,0,0,0,0,0,0,0,0,0,0,-3,29991]} 1. e4 g6 2. d4 d6 3. c4 Nf6 4. Nc3 Bg7 5. Nf3 O-O 6. Be2 e5 7. O-O Nc6 8. d5 Ne7 9. b4 Nd7 10. a4 f5 {E97: King's Indian: Classical Main Line (6...e5 7 0-0 Nc6): 8 Be3 and 8 d5 Ne7, not 9 Ne1} (10... h6 11. Ba3 f5 12. c5 Nf6 13. Nd2 fxe4 14. Ndxe4 Nf5 15. b5 b6 16. cxd6 cxd6 17. Nxf6+ Bxf6 18. Ne4 {1-0 (35) Karjakin,S (2723)-Polgar,J (2680) Moscow 2009}) 11. Ng5 {And now Ne6 would win.} Nf6 12. Bf3 c6 {White is slightly better.} 13. Qb3 ({Better is} 13. Ra3 $14) 13... h6 $11 14. Ne6 Bxe6 $1 15. dxe6 fxe4 16. Nxe4 Nxe4 17. Bxe4 Qc8 18. Qh3 $146 (18. Rd1 $14 Rd8 19. b5) ({Predecessor:} 18. Rd1) 18... d5 19. Bc2 Nf5 20. Bxf5 (20. Rd1 {feels hotter.} e4 21. cxd5 cxd5 22. Ra2 Qxe6 23. Bb3) 20... Rxf5 21. g4 (21. Bxh6 $15 Rh5 {[%mdl 64] Double Attack} 22. Qf3 Rxh6 23. Qf7+ Kh8 24. cxd5) 21... Rf6 $17 22. cxd5 cxd5 23. Bxh6 Qxe6 {...Bxh6 is the strong threat.} 24. Bxg7 Kxg7 25. Rac1 Rf7 26. Qg3 Raf8 27. h3 g5 (27... d4 $17) 28. Rfe1 e4 29. Rc7 Kg6 {Strongly threatening ...Rf3.} 30. Rxf7 $1 Rxf7 $11 {[%mdl 4096] Endgame KQR-KQR} 31. Qb8 (31. Qe3 $11 {keeps the balance.}) 31... Rh7 (31... Qf6 $17 32. Qg3 Qb6) 32. Kg2 a6 33. b5 axb5 34. axb5 Re7 35. Qh8 Qe5 36. Qg8+ Rg7 37. Qh8 Qf4 {[#]} ({Black should try} 37... Re7 $11 38. Qg8+ Rg7) 38. Qh5+ $1 $16 Kf6 {[#]} 39. Qh6+ $1 Kf7 40. Qh5+ $2 ({Only move:} 40. Qb6 $16) 40... Ke7 $11 {White must now prevent ...Rf7.} 41. Qh8 Rf7 $36 {[%mdl 2048] Black is more active.} 42. Qd4 Qf3+ 43. Kg1 Qf6 44. Qc5+ Qd6 45. Qd4 Qf4 (45... Ke6 $11) 46. Re2 (46. Rd1 $16) 46... Ke6 $1 {The position is equal.} 47. b6 Qc1+ 48. Kg2 Rf6 49. Qa4 {next Rc2 is good for White.} Qc6 50. Qd4 Kf7 51. Rd2 Kg6 52. Qxd5 Qxd5 53. Rxd5 Rxb6 {KR-KR} 54. Re5 Rb4 55. f3 exf3+ 56. Kxf3 b5 57. Re6+ Kf7 58. Rb6 Ke7 59. Rg6 Rb3+ 60. Ke4 Rxh3 61. Rxg5 b4 62. Rb5 Rg3 63. Kf4 Rb3 64. g5 Rb1 65. Ke4 Rg1 66. Kd3 Rg4 67. Kc2 Kd6 68. Kb3 Kc6 69. Rxb4 Kd5 $2 {[%mdl 40960] Accuracy: White = 62%, Black = 67%. . An unexpected result.} (69... Rxg5 $11 70. Rc4+ Kd6) 1/2-1/2

[Event "7th Iberoamerican-ch 2019"]
[Site "Linares"]
[Date "2019.08.15"]
[Round "6.28"]
[White "Diaz Mino, Daniel"]
[Black "Guerrero Vargas, Andres Jesus"]
[Result "0-1"]
[WhiteElo "1888"]
[BlackElo "2342"]
[Annotator "TA"]
[PlyCount "60"]
[EventDate "2019.08.10"]
[EventType "swiss"]
[EventCountry "ESP"]
[SourceTitle "playchess.com"]
[Source "ChessBase"]
[SourceQuality "1"]

{[%evp 17,62,-33,-24,-35,-8,-33,-18,-22,-17,-42,-11,-36,-4,-56,13,-88,-49,-90,-62,-54,-50,-87,-37,-195,-208,-226,-237,-643,-569,-620,-611,-805,-799,-924,-828,-1227,-1141,-2374,-2365,-2264,-2256,-29988,-29984,-29989,-29990,-29990,-29991]} 1. e4 c5 2. Nc3 Nc6 3. g3 g6 4. Bg2 Bg7 5. d3 d6 6. f4 e6 7. Nf3 Nge7 8. O-O O-O 9. h3 Rb8 10. a4 {B25: Closed Sicilian: 3 g3, lines without early Be3} a6 (10... b6 11. g4 f5 12. Ne2 Ba6 13. Re1 Qd7 14. Ng3 Rbe8 15. c3 h6 16. gxf5 exf5 17. Be3 Bb7 {½-½ (105) Marinskii,Y (2294)-Chigaev,M (2531) Moscow 2017}) 11. Rb1 $146 ({Predecessor:} 11. g4 f5 12. Qe1 b5 13. axb5 axb5 14. Be3 Nd4 15. Bxd4 cxd4 16. Ne2 e5 17. gxf5 gxf5 {0-1 (44) Pranav,V (2158)-Kosakowski,J (2366) Warsaw 2017}) 11... Nd4 12. Ne2 {The position is equal.} Bd7 13. b3 b5 {Black wants to play ...Nxf3+.} 14. axb5 axb5 15. g4 ({Better is} 15. Nexd4 $11 cxd4 16. Ra1) 15... f5 (15... Nxf3+ $15 16. Bxf3 b4) 16. g5 (16. Nexd4 $11 {keeps the balance.} cxd4 17. Qd2) 16... Bc6 17. Ng3 Ra8 18. Be3 Ra2 19. Rc1 e5 20. Nd2 $2 (20. Nxd4 $15 exd4 21. Bd2) 20... Ne6 21. Ne2 d5 {Strongly threatening ...fxe4.} 22. Nc3 $2 {[#]} (22. fxe5 Bxe5 23. h4) 22... exf4 $1 $19 {[%mdl 512]} 23. Nxa2 (23. Bxf4 Bxc3) 23... fxe3 24. Nf3 Nf4 25. Re1 d4 26. Nh2 Nxg2 27. Kxg2 fxe4 28. Kg1 exd3 {( -> ...Qd5!)} 29. Rf1 d2 {Black mates.} 30. Rb1 {[#]} Rxf1+ {Played: Qd8-d5} 0-1

[Event "7th Iberoamerican-ch 2019"]
[Site "Linares"]
[Date "2019.08.15"]
[Round "6.29"]
[White "Roselli Mailhe, Bernardo"]
[Black "Silva, Goncalo Nuno Neto Pi"]
[Result "1/2-1/2"]
[WhiteElo "2461"]
[BlackElo "2085"]
[Annotator "TA"]
[PlyCount "91"]
[EventDate "2019.08.10"]
[EventType "swiss"]
[EventCountry "ESP"]
[SourceTitle "playchess.com"]
[Source "ChessBase"]
[SourceQuality "1"]

{[%evp 18,91,59,16,40,45,64,61,82,81,85,75,82,44,45,49,42,56,50,28,24,16,58,0,27,23,39,0,6,-3,0,-235,-194,-186,33,36,26,40,35,16,33,-4,0,-62,-49,-52,-49,-60,-72,-239,-153,-220,-195,-185,-192,-191,-127,-188,-188,-162,-162,-198,-198,-191,-182,-457,-452,-639,-80,-59,-14,-14,-14,-15,-15,-16]} 1. d4 Nf6 2. c4 g6 3. Nc3 Bg7 4. e4 d6 5. Nf3 O-O 6. Be2 Nbd7 7. O-O e5 8. d5 Qe7 9. Bg5 h6 10. Bh4 a5 $146 {E93: King's Indian: Classical: Petrosian System with 7...Nbd7} ({Predecessor:} 10... c5 11. Ne1 a6 12. a3 b6 13. Rb1 Qe8 14. b4 Rb8 15. Nd3 Nh7 16. a4 Bf6 17. Bxf6 Nhxf6 18. Qc1 {0-1 (42) Cvek,R (2340)-Movsesian,S (2630) Zlin 1997}) 11. Nd2 Re8 12. f3 g5 {White is slightly better.} 13. Bf2 Nf8 14. a3 Ng6 15. b4 axb4 16. axb4 Rxa1 17. Qxa1 Nf4 18. Re1 g4 19. Bh4 Ng6 20. Bf2 (20. Bxf6 $5 Qxf6 21. fxg4 $11) 20... Nf4 21. Bf1 h5 22. Qa5 Bh6 {...Nxg2! is the strong threat.} 23. Be3 h4 24. g3 $2 (24. c5 $11) 24... hxg3 $19 25. hxg3 {[#]} Nh3+ $2 ({Black should try} 25... N6h5 $1 $19 {[%cal Rh5g3]} 26. gxf4 Nxf4) 26. Bxh3 $1 $14 Bxe3+ 27. Rxe3 {aiming for Bg2.} gxh3 28. Nf1 Nh5 29. Ne2 Rf8 30. c5 ({Better is} 30. g4 $11 Nf4 31. Qa2) 30... f5 $1 $15 {[%cal Rf5f4]} 31. exf5 Bxf5 32. cxd6 cxd6 33. Rc3 $2 (33. Qa2 $17) 33... e4 34. Qa2 (34. f4 $17 {might work better.}) 34... exf3 35. Rxf3 Qe4 36. Rf2 Qxb4 (36... Bd7 $19 {And now ...Rxf2 would win.} 37. Rxf8+ Kxf8) 37. Qd2 (37. Nf4 $17 {was necessary.} Nxf4 38. Rxf4) 37... Qxd2 $19 38. Nxd2 Bg4 39. Nc3 Nxg3 {Strongly threatening ...Rxf2.} 40. Rxf8+ Kxf8 {[%mdl 4096] Endgame KBN-KNN} 41. Nc4 $2 (41. Kh2 {was the only chance.} Nf5 42. Nce4) 41... Ke7 42. Na5 (42. Nb5 $142 Bd7 43. Nd4) 42... Nf5 $2 (42... Ne2+ $19 43. Nxe2 Bxe2) 43. Nxb7 $17 Bf3 {Threatens to win with ...Ne3.} 44. Kh2 {The position is equal.} Bg2 {Hoping for ...Ne3.} 45. Ne2 Bxd5 {[#]} 46. Nxd6 $1 {[%mdl 512] Accuracy: White = 34%, Black = 47%.} 1/2-1/2

[Event "7th Iberoamerican-ch 2019"]
[Site "Linares"]
[Date "2019.08.15"]
[Round "6.30"]
[White "Vega Gutierrez, Belinda"]
[Black "Cori T., Deysi"]
[Result "0-1"]
[WhiteElo "2133"]
[BlackElo "2400"]
[Annotator "TA"]
[PlyCount "108"]
[EventDate "2019.08.10"]
[EventType "swiss"]
[EventCountry "ESP"]
[SourceTitle "playchess.com"]
[Source "ChessBase"]
[SourceQuality "1"]

{[%evp 21,108,39,58,56,64,57,67,61,71,83,68,59,77,51,50,25,49,26,28,31,33,35,35,23,35,30,47,50,47,35,33,0,0,0,0,0,0,0,0,0,0,-1,0,0,0,0,0,0,0,-7,-7,-8,-8,-8,-8,-8,-8,-8,-17,-91,-91,-91,-97,-231,-82,-82,-82,-89,-82,-642,-605,-1094,-1129,-1120,-1103,-994,-1004,-847,-595,-337,0,-845,-660,-29994,-29995,-29996,-29997,-29997,-29998]} 1. e4 e5 2. Nf3 Nf6 3. Nxe5 d6 4. Nf3 Nxe4 5. d4 d5 6. Bd3 Be7 7. O-O O-O 8. c4 c6 9. Nc3 Nxc3 10. bxc3 dxc4 11. Bxc4 Nd7 12. Re1 {C42: Petroff Defence: 3 Nxe5 and unusual White 3rd moves} (12. h3 Nb6 13. Bd3 c5 14. Re1 cxd4 15. cxd4 Be6 16. Re5 Bf6 17. Rb5 Bd5 18. Be3 Bc6 19. Rh5 g6 {1-0 (60) Alikulov,E (2375)-Pahomeev,O (1988) Cholpon Ata 2016}) 12... Nb6 13. Bd3 Nd5 $146 ({Predecessor:} 13... g6 14. Rb1 Bf6 15. h3 Re8 16. Rxe8+ Qxe8 17. c4 Be6 18. c5 {1-0 (18) Matusek,J (2067)-Koval,M ICCF email 2009}) 14. Qc2 {White is slightly better.} h6 15. Bd2 Bd6 16. Rab1 Nf4 17. Bxf4 Bxf4 18. Ne5 Qf6 19. g3 Bxe5 $1 20. Rxe5 b6 21. Rbe1 Bd7 22. Bh7+ Kh8 {Strongly threatening ...g6.} 23. Bf5 Rad8 24. Bxd7 Rxd7 25. Re8 {[%cal Re8f8]} Kg8 26. Rxf8+ Kxf8 $14 {[%mdl 4096] Endgame KQR-KQR} 27. Qh7 {[%cal Rh7h8]} g5 28. Re5 Re7 29. Qe4 Rxe5 30. dxe5 $11 {KQ-KQ} Qe6 31. h4 Ke7 32. hxg5 hxg5 33. a4 Kd7 34. Qd4+ Kc7 35. a5 c5 36. axb6+ axb6 37. Qe3 g4 38. Kf1 Qc4+ 39. Ke1 $1 b5 {White should prevent ...b4.} 40. Kd2 {[#]} (40. f4 $11 {keeps the balance.}) 40... Kc6 $1 $17 41. Qh6+ Qe6 42. Qe3 (42. Qf4 $17 {only move.}) 42... Qf5 (42... Qd5+ $19 {and Black stays clearly on top.} 43. Kc1 b4) 43. Qe2 Kd5 44. Qxb5 Qxf2+ {[%mdl 64] [#] Double Attack} 45. Kc1 $2 {[%mdl 8192]} (45. Kd1 $17) 45... Kxe5 $19 46. Qd7 Ke4 47. c4 Qe3+ 48. Kc2 Qe2+ 49. Kc3 Qe1+ 50. Kc2 {Threatening mate with Qe8+.} Qf2+ $2 (50... Qxg3 51. Qd5+ Kf4 52. Qxf7+ Ke3 53. Qe6+ Kf2) 51. Kc1 $1 {aiming for Qd5+.} Ke3 52. Qxg4 {intending Qd1.} Kd3 {[%csl Gd3][%cal Rf2c2] Black mates.} 53. Kb1 Kc3 {[%csl Gc3][%cal Rf2b2]} 54. Qg7+ Kb3 {Accuracy: White = 50%, Black = 62%.} 0-1

[Event "7th Iberoamerican-ch 2019"]
[Site "Linares"]
[Date "2019.08.15"]
[Round "6.31"]
[White "Lopez Mulet, Inigo"]
[Black "Sanchez Jerez, Emilio Miguel"]
[Result "1-0"]
[WhiteElo "2397"]
[BlackElo "2141"]
[Annotator "TA"]
[PlyCount "123"]
[EventDate "2019.08.10"]
[EventType "swiss"]
[EventCountry "ESP"]
[SourceTitle "playchess.com"]
[Source "ChessBase"]
[SourceQuality "1"]

{[%evp 11,123,43,54,-27,-24,-27,-21,-21,-27,-39,-51,-55,-28,-77,-77,-75,42,15,68,49,87,91,156,95,93,24,21,28,28,17,76,74,82,-25,-25,-65,-60,-70,-65,-70,-62,-79,-60,-70,-76,-75,37,37,95,71,68,40,40,31,356,0,0,0,91,88,81,89,89,77,73,66,105,100,167,158,1212,1201,587,1612,1612,1575,1283,911,609,1431,1372,1299,2722,1701,2519,2325,12793,5081,1709,674,655,487,479,464,362,137,29951,29954,29955,29952,29937,12836,12850,29951,29983,29983,29987,29988,29988,29989,29989,29990,29992,29993]} 1. d4 e6 2. c4 Bb4+ 3. Nc3 b6 4. e4 Bb7 5. f3 f5 6. exf5 Nh6 7. Be3 {A40: Unusual replies to 1 d4} (7. fxe6 $14 O-O 8. Nh3) (7. Bf4 Nxf5 8. Nge2 O-O 9. Qd3 Nc6 10. d5 Nce7 11. dxe6 dxe6 12. O-O-O Ng6 13. Qxd8 Raxd8 14. Rxd8 Rxd8 15. Bxc7 {0-1 (54) Gelfand,B (2686)-Kramnik,V (2753) Amsterdam 2019}) 7... Nxf5 $11 8. Bf2 O-O 9. Qd2 {The position is equal.} Nc6 10. O-O-O Na5 11. h4 $146 ({Predecessor:} 11. Kb1 Nd6 12. c5 Ndc4 13. Qc2 bxc5 14. dxc5 Rb8 {0-1 (27) Makienko,V (2184)-Shelk,A (2348) Irkutsk 2012}) 11... d5 12. cxd5 $1 Bxd5 13. Kb1 Nd6 (13... Bxc3 $1 $17 14. bxc3 Nc4 15. Bxc4 Bxc4) 14. Bd3 Bc4 (14... Nac4 $11 15. Qc1 Bxc3 16. Qxc3 a5) 15. Nge2 $14 b5 16. h5 c6 (16... Rb8 $142) 17. h6 (17. Bc2 $142 $1) 17... g6 $16 18. Bg3 (18. Nc1 $16) 18... Bxd3+ $11 19. Qxd3 Nac4 20. Be5 Nxe5 (20... a5 $11) 21. dxe5 $16 Nc4 22. Qe4 (22. Nd4 $16) 22... Qd2 $1 $11 {[%csl Gc4][%cal Rd2b2] [#]} 23. Qxc4 $1 {[%mdl 512]} Qxd1+ $1 (23... bxc4 24. Rxd2) 24. Rxd1 bxc4 25. Ne4 Rfd8 26. Rc1 Bf8 27. Rxc4 Bxh6 28. Kc2 {[#]} Rab8 (28... c5 $1 $17) 29. Nd4 $14 {[%mdl 64] Double Attack} Rb6 (29... Rdc8 $14) 30. Nxe6 Rd5 31. f4 Kf7 32. Nc7 Bxf4 $2 {[%mdl 8192]} (32... Rd8 $14) 33. Nxd5 $2 (33. Nd6+ $1 $18 Rxd6 34. Rxf4+ Ke7 35. exd6+ Kxd6 36. Ne8+ Ke5 37. Rf7) 33... cxd5 {[%mdl 4096] Endgame KRB-KRN} 34. Rc7+ Ke6 (34... Kg8 $1 $11 {keeps the balance.} 35. Nc3 Ra6) 35. Nc5+ $16 Kxe5 36. Nd3+ Kd6 37. Rxa7 ({Reject} 37. Nxf4 $6 Kxc7 38. Nxd5+ Kb7 $11) 37... Rc6+ 38. Kd1 Be3 39. Rxh7 d4 (39... Ra6 $16) 40. Rg7 $18 g5 $2 (40... Rc8 $16 41. a4 (41. Rxg6+ Kd5 $16) 41... Ra8) 41. Rg6+ Kc7 42. Rxc6+ Kxc6 {KB-KN} 43. a4 Kd5 44. Kc2 Bg1 45. Kb3 Bh2 46. Kb4 g4 47. Kb5 Bb8 48. a5 g3 49. a6 (49. b4 $142 Ba7 50. Nb2) 49... Ba7 50. Nb4+ (50. b4 $142 Kd6 51. Kc4) 50... Ke4 {Black wants to play ...d3.} 51. Kc4 Ke3 52. Nd3 Ke2 {[#]} 53. b4 $2 (53. Ne5 $1 $18 {Threatens to win with Nc6.} Kf2 54. Nc6 {[%mdl 64] Double Attack} Kxg2 55. Nxa7) 53... Kf1 $2 {[%mdl 8192]} (53... Kd2 $16 54. Ne5 Ke3) 54. Nf4 Kf2 55. Kd3 Bb6 56. b5 (56. Ke4 $142 Ba7 57. b5 d3 58. Kxd3 Kf1 59. Ke4 Kf2 60. Kd5 Be3 61. Nh5) 56... Ba7 57. Ke4 Bb6 {White mates.} 58. Nd5 Ba7 59. b6 Bxb6 60. Nxb6 Kxg2 61. Nd5 Kh3 62. Nf4+ {Accuracy: White = 61%, Black = 31%.} 1-0

[Event "7th Iberoamerican-ch 2019"]
[Site "Linares"]
[Date "2019.08.15"]
[Round "6.32"]
[White "Garcia Martin, Marta"]
[Black "Arroyo Rodriguez, Jesus"]
[Result "1/2-1/2"]
[WhiteElo "2313"]
[BlackElo "2126"]
[Annotator "ChessBase"]
[PlyCount "145"]
[EventDate "2019.08.10"]
[EventType "swiss"]
[EventCountry "ESP"]
[SourceTitle "playchess.com"]
[Source "ChessBase"]
[SourceQuality "1"]
[TimeControl "5400+30"]

1. e4 c5 {[%emt 0:02:25]} 2. Nf3 {[%emt 0:00:00]} g6 {[%emt 0:00:09]} 3. d4 {[%emt 0:00:28]} cxd4 {[%emt 0:00:06]} 4. Nxd4 {[%emt 0:00:05]} Bg7 {[%emt 0:00:05]} 5. c4 {[%emt 0:00:23]} Nc6 {[%emt 0:00:18]} 6. Be3 {[%emt 0:00:07]} Nf6 {[%emt 0:00:23]} 7. Nc3 {[%emt 0:00:08]} d6 {[%emt 0:00:19]} 8. Be2 {[%emt 0:00:57]} O-O {[%emt 0:00:28]} 9. O-O {[%emt 0:00:20]} Bd7 {[%emt 0:00:24]} 10. h3 Nxd4 {[%emt 0:00:45]} 11. Bxd4 {[%emt 0:03:42]} Bc6 {[%emt 0:00:41]} 12. Qc2 {[%emt 0:00:46]} a5 {[%emt 0:02:04]} 13. Rad1 {[%emt 0:00:57]} Nd7 {[%emt 0:00:37]} 14. Bxg7 {[%emt 0:00:30]} Kxg7 {[%emt 0:00:08]} 15. Bg4 {[%emt 0:00:40]} a4 {[%emt 0:08:31]} 16. Bxd7 {[%emt 0:19:36]} Bxd7 {[%emt 0:00:40]} 17. Rfe1 {[%emt 0:11:22]} Qa5 {[%emt 0:10:36]} 18. Rd5 {[%emt 0:09:34]} Qb4 {[%emt 0:01:18]} 19. Rd4 {[%emt 0:13:12]} Rfc8 {[%emt 0:04:07]} 20. a3 {[%emt 0:00:58]} Qc5 {[%emt 0:09:32]} 21. Qd2 {[%emt 0:05:05]} Bc6 {[%emt 0:04:05]} 22. h4 {[%emt 0:10:31]} h5 {[%emt 0:06:27]} 23. Re3 {[%emt 0:00:48]} Rd8 {[%emt 0:02:56]} 24. e5 {[%emt 0:02:38]} Re8 {[%emt 0:06:49]} 25. e6 {[%emt 0:04:52]} Rf8 {[%emt 0:03:17]} 26. Qd3 {[%emt 0:10:22]} f5 {[%emt 0:03:15]} 27. Nd5 {[%emt 0:01:07]} Bxd5 {[%emt 0:03:03]} 28. Rxd5 {[%emt 0:00:03]} Qb6 {[%emt 0:02:06]} 29. Rb5 {[%emt 0:01:25]} Qc7 {[%emt 0:04:33]} 30. Rg3 {[%emt 0:01:35]} Kh7 {[%emt 0:06:52]} 31. Qd5 {[%emt 0:00:44]} b6 {[%emt 0:01:05]} 32. Qd4 {[%emt 0:00:52]} Ra6 {[%emt 0:02:04]} 33. Qf4 {[%emt 0:01:18]} Rf6 {[%emt 0:00:30]} 34. Kh2 {[%emt 0:01:19]} Ra8 {[%emt 0:05:01]} 35. Qd4 {[%emt 0:00:31]} Ra6 {[%emt 0:00:17]} 36. Qd5 {[%emt 0:00:22]} Qc8 {[%emt 0:03:03]} 37. Re3 {[%emt 0:00:16]} f4 {[%emt 0:00:58]} 38. Re4 {[%emt 0:00:25]} Rf5 {[%emt 0:02:27]} 39. Qd4 {[%emt 0:00:09]} Qf8 {[%emt 0:02:07]} 40. Kg1 {[%emt 0:01:15]} f3 {[%emt 0:01:50]} 41. g3 {[%emt 0:00:34]} Ra5 {[%emt 0:00:12]} 42. Rxb6 {[%emt 0:00:24]} Rae5 {[%emt 0:00:22]} 43. Rb5 {[%emt 0:00:36]} Rxb5 {[%emt 0:00:56]} 44. cxb5 {[%emt 0:00:03]} Rxb5 {[%emt 0:00:13]} 45. Rf4 {[%emt 0:00:07]} Rf5 {[%emt 0:00:17]} 46. Qxa4 {[%emt 0:00:56]} Qf6 {[%emt 0:02:33]} 47. Qe4 {[%emt 0:00:50]} Rxf4 {[%emt 0:01:03]} 48. Qxf4 {[%emt 0:00:07]} Qxe6 {[%emt 0:00:43]} 49. Qxf3 {[%emt 0:00:02]} d5 {[%emt 0:00:12]} 50. Qf4 {[%emt 0:01:19]} Kg8 {[%emt 0:01:13]} 51. b4 {[%emt 0:00:34]} Qd7 {[%emt 0:00:06]} 52. Qd4 {[%emt 0:00:29]} Qd6 {[%emt 0:00:32]} 53. f4 {[%emt 0:00:19]} Qc6 {[%emt 0:00:28]} 54. Qc5 {[%emt 0:00:39]} Qd7 {[%emt 0:00:32]} 55. Qd4 {[%emt 0:00:15]} Qc6 {[%emt 0:00:02]} 56. Qd3 {[%emt 0:00:10]} Kf7 {[%emt 0:01:08]} 57. Kf2 {[%emt 0:00:25]} e6 {[%emt 0:00:27]} 58. Qd2 {[%emt 0:01:15]} Qa4 {[%emt 0:01:02]} 59. Qd3 {[%emt 0:00:29]} Qc6 {[%emt 0:00:09]} 60. b5 {[%emt 0:00:27]} Qc5+ {[%emt 0:00:17]} 61. Kg2 {[%emt 0:00:29]} d4 {[%emt 0:00:10]} 62. Kf2 {[%emt 0:00:26]} Kf6 {[%emt 0:00:25]} 63. Ke2 {[%emt 0:00:35]} Qd5 {[%emt 0:00:15]} 64. Kf2 {[%emt 0:00:31]} Kf7 {[%emt 0:01:30]} 65. b6 {[%emt 0:00:29]} Qa2+ {[%emt 0:00:13]} 66. Kf3 {[%emt 0:00:29]} Qd5+ {[%emt 0:00:03]} 67. Ke2 {[%emt 0:00:34]} Qa2+ {[%emt 0:00:38]} 68. Kd1 {[%emt 0:00:28]} Qa1+ {[%emt 0:00:15]} 69. Kc2 {[%emt 0:00:33]} Qa2+ {[%emt 0:00:22]} 70. Kd1 {[%emt 0:00:23]} Qa1+ {[%emt 0:00:07]} 71. Kc2 {[%emt 0:00:33]} Qa2+ {[%emt 0:00:12]} 72. Kd1 {[%emt 0:00:33]} Qa1+ {[%emt 0:00:20]} 73. Kc2 {[%emt 0:00:24]} 1/2-1/2

[Event "7th Iberoamerican-ch 2019"]
[Site "Linares"]
[Date "2019.08.15"]
[Round "6.33"]
[White "Moral Garcia, Serafin"]
[Black "Carrasco Sagredo, Manuel"]
[Result "1-0"]
[WhiteElo "2281"]
[BlackElo "2106"]
[Annotator "NA"]
[PlyCount "57"]
[EventDate "2019.08.10"]
[EventType "swiss"]
[EventCountry "ESP"]
[SourceTitle "playchess.com"]
[Source "ChessBase"]
[SourceQuality "1"]
[TimeControl "5400+30"]

1. e4 {[%emt 0:00:00]} g6 {[%emt 0:00:00]} 2. d4 {[%emt 0:00:15]} Bg7 {[%emt 0:00:01]} 3. Nc3 {[%emt 0:00:29]} c6 {[%emt 0:00:05]} 4. Nf3 {[%emt 0:00:45]} d5 {[%emt 0:00:35]} 5. h3 {[%emt 0:00:33]} dxe4 {[%emt 0:00:35]} 6. Nxe4 {[%emt 0:00:05]} Nd7 {[%emt 0:00:06]} 7. Bc4 {[%emt 0:03:20]} Ngf6 {[%emt 0:08:46]} 8. Nxf6+ {[%emt 0:02:23]} Nxf6 {[%emt 0:01:19]} 9. O-O {[%emt 0:00:47]} O-O {[%emt 0:05:15]} 10. Re1 {[%emt 0:02:57]} Nd5 {[%emt 0:23:59]} 11. Bb3 {[%emt 0:04:13]} Bf5 {[%emt 0:04:25]} 12. Ne5 {[%emt 0:05:53]} f6 {[%emt 0:10:22]} 13. Nd3 {[%emt 0:02:43]} Kh8 {[%emt 0:03:47]} 14. Nc5 {[%emt 0:03:32]} e5 {[%emt 0:06:00]} 15. Nxb7 {[%emt 0:05:39]} Qc7 {[%emt 0:00:52]} 16. Nc5 {[%emt 0:00:21]} Rad8 {[%emt 0:02:07]} 17. c3 {[%emt 0:08:22]} Rfe8 {[%emt 0:01:46]} 18. Bd2 {[%emt 0:04:29]} Bf8 {[%emt 0:01:41]} 19. Ne4 {[%emt 0:10:33]} exd4 {[%emt 0:06:38]} 20. Bxd5 {[%emt 0:00:06]} cxd5 {[%emt 0:00:01]} 21. Ng3 {[%emt 0:01:56]} Bc8 {[%emt 0:02:43]} 22. cxd4 {[%emt 0:00:29]} Bd6 {[%emt 0:00:38]} 23. Rc1 {[%emt 0:01:57]} Rxe1+ {[%emt 0:02:10]} 24. Qxe1 {[%emt 0:00:37]} Qd7 {[%emt 0:00:30]} 25. Qe3 {[%emt 0:01:26]} f5 {[%emt 0:02:08]} 26. Qf3 {[%emt 0:00:58]} f4 {[%emt 0:00:25]} 27. Bxf4 {[%emt 0:00:30]} Rf8 {[%emt 0:00:32]} 28. Be5+ {[%emt 0:00:05]} Kg8 {[%emt 0:01:00]} 29. Qxd5+ {[%emt 0:00:09]} 1-0